[Event "Helsingor Xtracon op"]
[Site "Helsingor"]
[Date "2017.07.27"]
[Round "7"]
[White "Leutwyler, Martin"]
[Black "Grundekjon, Christian S"]
[Result "1/2-1/2"]
[WhiteElo "2198"]
[BlackElo "2035"]
[PlyCount "125"]
[EventDate "2017.07.22"]
[EventType "swiss"]
[EventRounds "10"]
[EventCountry "DEN"]
[SourceTitle "CBM 179 Extra"]
[Source "ChessBase"]
[SourceDate "2017.08.23"]
[SourceVersion "1"]
[SourceVersionDate "2017.08.23"]
[SourceQuality "1"]

1. d4 e6 2. c4 b6 3. a3 Bb7 4. Nc3 f5 5. Nf3 Nf6 6. d5 Na6 7. g3 Nc5 8. Bg2 Nce4 9. Nd4 Nxc3 10. bxc3 Bc5 11. 0-0 Bxd4 12. cxd4 exd5 13. cxd5 Bxd5 14. Bxd5 Nxd5 15. e4 Nf6 16. e5 Nd5 17. Qf3 c6 18. Qxf5 Qe7 19. Bg5 Qe6 20. Qf3 h6 21. Bd2 Rf8 22. Qh5+ g6 23. Qe2 h5 24. h4 a5 25. a4 Kf7 26. Bh6 Rh8 27. Bg5 Kg7 28. Qd2 Kh7 29. Rab1 Rhf8 30. Bf6 Rab8 31. Bg5 Rbe8 32. Bf6 Qh3 33. Bg5 Rf5 34. Rb3 Qg4 35. Kg2 Rf7 36. f3 Qe6 37. Rbb1 Nb4 38. Rf2 d6 39. Re1 Qd5 40. Bf4 dxe5 41. Rxe5 Rxe5 42. Bxe5 c5 43. Qe3 Nc6 44. Rd2 Rd7 45. Bf6 Rd6 46. Bg5 cxd4 47. Qe8 Qe6 48. Qxe6 Rxe6 49. Kf2 Kg7 50. g4 Kf7 51. gxh5 gxh5 52. Rb2 Ne5 53. Rb5 Nd3+ 54. Kg3 Rd6 55. Bd2 Nc5 56. Bxa5 Nxa4 57. Bb4 Rf6 58. Kf2 Nc3 59. Rxh5 Re6 60. Bxc3 dxc3 61. Rh7+ Kg6 62. Rc7 Kh5 63. Rxc3 1/2-1/2

[Event "Helsingor Xtracon op"]
[Site "Helsingor"]
[Date "2017.07.24"]
[Round "4"]
[White "Grigoriants, Sergey"]
[Black "Grundekjon, Christian S"]
[Result "1-0"]
[WhiteElo "2566"]
[BlackElo "2035"]
[PlyCount "59"]
[EventDate "2017.07.22"]
[EventType "swiss"]
[EventRounds "10"]
[EventCountry "DEN"]
[SourceTitle "CBM 179 Extra"]
[Source "ChessBase"]
[SourceDate "2017.08.23"]
[SourceVersion "1"]
[SourceVersionDate "2017.08.23"]
[SourceQuality "1"]

1. Nf3 d5 2. d4 Nf6 3. c4 c6 4. e3 e6 5. Bd3 dxc4 6. Bxc4 b5 7. Bd3 Bb7 8. 0-0 Nbd7 9. e4 Be7 10. Qe2 a6 11. Rd1 Qc7 12. a4 b4 13. Bg5 c5 14. Nbd2 cxd4 15. Rac1 Qd8 16. Nc4 Nc5 17. e5 Nfe4 18. Bxe4 Nxe4 19. Bxe7 Qxe7 20. Rxd4 0-0 21. Rxe4 Bxe4 22. Qxe4 Rac8 23. b3 f5 24. exf6 gxf6 25. Re1 e5 26. Nd4 Qd7 27. Nf5 Rcd8 28. h3 Kh8 29. Nxe5 Qe8 30. Qb7 1-0

[Event "Helsingor Xtracon op"]
[Site "Helsingor"]
[Date "2017.07.23"]
[Round "2"]
[White "Papp, Petra"]
[Black "Grundekjon, Christian S"]
[Result "0-1"]
[WhiteElo "2337"]
[BlackElo "2035"]
[PlyCount "136"]
[EventDate "2017.07.22"]
[EventType "swiss"]
[EventRounds "10"]
[EventCountry "DEN"]
[SourceTitle "CBM 179 Extra"]
[Source "ChessBase"]
[SourceDate "2017.08.23"]
[SourceVersion "1"]
[SourceVersionDate "2017.08.23"]
[SourceQuality "1"]

1. e4 c5 2. Nf3 Nc6 3. d4 cxd4 4. Nxd4 Nf6 5. Nc3 d6 6. Bg5 e6 7. Qd2 a6 8. 0-0-0 Bd7 9. f4 b5 10. Bxf6 gxf6 11. Nxc6 Bxc6 12. Bd3 h5 13. Kb1 b4 14. Ne2 Qb6 15. Rhf1 a5 16. h4 a4 17. c3 d5 18. Ka1 a3 19. b3 bxc3 20. Qc2 d4 21. Ng3 0-0-0 22. Qe2 Qa5 23. Kb1 Kb8 24. f5 Bd6 25. Nh1 exf5 26. Rxf5 Be5 27. Nf2 Rdg8 28. Rg1 Bd7 29. Rf3 Bg4 30. Nxg4 hxg4 31. Rf5 Rxh4 32. Bc4 Rd8 33. Qd3 Rh7 34. Rc1 Rh2 35. Rg1 Rh7 36. Rc1 Rdh8 37. Qxd4 c2+ 38. Kxc2 Rd8 39. Qe3 Rh2 40. Rg1 Qc7 41. Qe1 Qd6 42. Kc1 Qb6 43. Kc2 Rc8 44. Qf1 Qd4 45. Qe1 Rxc4+ 46. bxc4 Qxc4+ 47. Kd1 Qd3+ 48. Qd2 Qb1+ 49. Qc1 Qxe4 50. Rf2 Rh8 51. Rd2 Rc8 52. Qxa3 Qb1+ 53. Ke2 Qxg1 54. Qb4+ Ka8 55. Qe4+ Ka7 56. Rd7+ Rc7 57. Rd8 Rb7 58. Qa4+ Kb6 59. Qb4+ Kc6 60. Qa4+ Kc7 61. Qd7+ Kb6 62. Qxg4 Qc5 63. Qe4 Qb5+ 64. Kf3 Qc6 65. Rd5 Kc7 66. Kg4 Rb5 67. Rd4 Bxd4 68. Qxd4 Qd7+ 0-1

[Event "Helsingor Xtracon op"]
[Site "Helsingor"]
[Date "2017.07.22"]
[Round "1"]
[White "Grundekjon, Christian S"]
[Black "Fransson, Pia"]
[Result "1-0"]
[WhiteElo "2035"]
[BlackElo "1482"]
[PlyCount "65"]
[EventDate "2017.07.22"]
[EventType "swiss"]
[EventRounds "10"]
[EventCountry "DEN"]
[SourceTitle "CBM 179 Extra"]
[Source "ChessBase"]
[SourceDate "2017.08.23"]
[SourceVersion "1"]
[SourceVersionDate "2017.08.23"]
[SourceQuality "1"]

1. Nf3 Nf6 2. b4 g6 3. Bb2 Bg7 4. e3 0-0 5. Bc4 d5 6. Bb3 Bg4 7. h3 Bxf3 8. Qxf3 Nc6 9. b5 Na5 10. 0-0 c5 11. bxc6 Nxc6 12. d3 Rc8 13. Qe2 b5 14. Nd2 a5 15. a4 b4 16. Nf3 Re8 17. Rad1 e5 18. e4 Re7 19. Rde1 Rcc7 20. Bc1 h6 21. Be3 d4 22. Bd2 Nd7 23. Nh4 Ncb8 24. Nxg6 Rc3 25. Nxe7+ Qxe7 26. Qg4 Kh7 27. Qf5+ Kh8 28. Bxc3 bxc3 29. Bxf7 Nc6 30. Rb1 Nb4 31. Rxb4 axb4 32. a5 b3 33. Bxb3 1-0

[Event "NOR-ch rapid"]
[Site "Sandefjord"]
[Date "2017.01.07"]
[Round "5"]
[White "Grundekjon, Christian S"]
[Black "Tryggestad, Andreas Garberg"]
[Result "0-1"]
[WhiteElo "2080"]
[BlackElo "2275"]
[PlyCount "92"]
[EventDate "2017.01.07"]
[EventType "swiss (rapid)"]
[EventRounds "10"]
[EventCountry "NOR"]
[SourceTitle "CBM 176 Extra"]
[Source "ChessBase"]
[SourceDate "2017.03.02"]
[SourceVersion "1"]
[SourceVersionDate "2017.03.02"]
[SourceQuality "1"]

1. c4 Nf6 2. Nc3 d5 3. cxd5 Nxd5 4. e4 Nxc3 5. dxc3 Qxd1+ 6. Kxd1 b6 7. Bf4 c5 8. Kc2 f6 9. Bb5+ Bd7 10. Bxd7+ Nxd7 11. Nf3 e5 12. Be3 Bd6 13. Rhd1 Ke7 14. Nd2 Rhd8 15. a4 Bc7 16. Nf1 Nf8 17. Rxd8 Rxd8 18. a5 Ne6 19. axb6 axb6 20. Ra7 Kd6 21. Nd2 Kc6 22. f3 h5 23. Nc4 g5 24. Bd2 g4 25. Ne3 gxf3 26. gxf3 Rg8 27. b3 Rg1 28. Nd5 Rh1 29. Nxf6 Rxh2 30. Kd3 Bd8 31. Nd5 c4+ 32. bxc4 Nc5+ 33. Ke3 Bg5+ 34. f4 Bxf4+ 35. Kf3 Rxd2 36. Rc7+ Kd6 37. Rh7 Ne6 38. Rxh5 Ng5+ 39. Kg4 Nxe4 40. Rf5 Rd3 41. Nxf4 exf4 42. Kxf4 Nxc3 43. Rh5 Ne2+ 44. Kg5 Kc5 45. Rh2 Nd4 46. Rb2 Rb3 0-1

[Event "NOR-chT 1516"]
[Site "Norway"]
[Date "2016.03.06"]
[Round "9.5"]
[White "Grundekjon, Christian S"]
[Black "Flaten, Roar E"]
[Result "1-0"]
[WhiteElo "2053"]
[BlackElo "2000"]
[PlyCount "79"]
[EventDate "2015.10.30"]
[EventType "team-tourn"]
[EventRounds "9"]
[EventCountry "NOR"]
[SourceTitle "EXT 2017"]
[Source "ChessBase"]
[SourceDate "2016.10.25"]
[SourceVersion "1"]
[SourceVersionDate "2016.10.25"]
[SourceQuality "1"]
[WhiteTeam "Tromsoe"]
[BlackTeam "Sotra"]
[WhiteTeamCountry "NOR"]
[BlackTeamCountry "NOR"]

1. e4 c6 2. Nc3 d5 3. Nf3 dxe4 4. Nxe4 Nf6 5. Ng3 e6 6. d4 c5 7. Be3 Qb6 8. Bd3 Nbd7 9. 0-0 cxd4 10. Bxd4 Bc5 11. Bc3 0-0 12. Ne4 Be7 13. Re1 Rd8 14. Qe2 Nf8 15. Nxf6+ Bxf6 16. Bxf6 gxf6 17. Rad1 Kg7 18. c3 Ng6 19. Bb1 e5 20. Rxd8 Qxd8 21. Rd1 Qb6 22. h3 Be6 23. b3 Rd8 24. c4 Nf4 25. Qc2 Rxd1+ 26. Qxd1 Qc6 27. Nh4 b5 28. cxb5 Qxb5 29. Nf5+ Bxf5 30. Bxf5 Ne2+ 31. Kh1 Nd4 32. Bd3 Qa5 33. Qg4+ Kf8 34. Qc8+ Kg7 35. Qg4+ Kf8 36. Qc8+ Ke7 37. Qb7+ Kd6 38. Qb8+ Kc5 39. b4+ Qxb4 40. Qf8+ 1-0

[Event "NOR-chT 1516"]
[Site "Norway"]
[Date "2016.03.04"]
[Round "7.4"]
[White "Haldorsen, Benjamin"]
[Black "Grundekjon, Christian S"]
[Result "1-0"]
[WhiteElo "2264"]
[BlackElo "2053"]
[PlyCount "103"]
[EventDate "2015.10.30"]
[EventType "team-tourn"]
[EventRounds "9"]
[EventCountry "NOR"]
[SourceTitle "EXT 2017"]
[Source "ChessBase"]
[SourceDate "2016.10.25"]
[SourceVersion "1"]
[SourceVersionDate "2016.10.25"]
[SourceQuality "1"]
[WhiteTeam "Bergens"]
[BlackTeam "Tromsoe"]
[WhiteTeamCountry "NOR"]
[BlackTeamCountry "NOR"]

1. e4 c5 2. Nc3 Nc6 3. Nge2 Nf6 4. d4 cxd4 5. Nxd4 e5 6. Ndb5 d6 7. Bg5 a6 8. Na3 b5 9. Bxf6 gxf6 10. Nd5 Rb8 11. Bd3 Bg7 12. 0-0 Ne7 13. Nxe7 Qxe7 14. Qf3 h5 15. h3 h4 16. c3 Qb7 17. Nc2 f5 18. Ne3 f4 19. Nd5 Be6 20. a4 f5 21. Nb4 0-0 22. axb5 axb5 23. Bc2 Ra8 24. Rxa8 Qxa8 25. Rd1 Rd8 26. exf5 Qxf3 27. gxf3 Bc4 28. Kg2 Bf8 29. Be4 Kg7 30. Bd5 Kf6 31. Be4 d5 32. Nxd5+ Bxd5 33. Bxd5 Be7 34. b4 Kxf5 35. Be4+ Ke6 36. Rxd8 Bxd8 37. Bc6 Be7 38. Bxb5 Kd5 39. Bd3 Kc6 40. Kf1 Kd5 41. Ke2 Bd8 42. Kd2 Bb6 43. Kc2 Bxf2 44. Kb3 Be1 45. Be4+ Kd6 46. c4 Bf2 47. c5+ Kc7 48. Kc4 Bd4 49. b5 Be3 50. b6+ Kc8 51. Kb5 Kb8 52. c6 1-0

[Event "Narvik Rallarsjakken A"]
[Site "Narvik"]
[Date "2014.04.04"]
[Round "2"]
[White "Romsdal, Trond"]
[Black "Grundekjon, Christian S"]
[Result "1-0"]
[WhiteElo "2184"]
[BlackElo "2023"]
[PlyCount "85"]
[EventDate "2014.04.04"]
[EventType "swiss"]
[EventRounds "5"]
[EventCountry "NOR"]
[SourceTitle "EXT 2024"]
[Source "ChessBase"]
[SourceDate "2023.10.10"]
[SourceVersion "1"]
[SourceVersionDate "2023.10.10"]
[SourceQuality "1"]

1. Nf3 f5 2. d4 Nf6 3. g3 g6 4. Bg2 Bg7 5. 0-0 0-0 6. c4 d6 7. Nc3 c6 8. d5 e5 9. dxe6 Bxe6 10. Qd3 Na6 11. Ng5 Re8 12. Nxe6 Rxe6 13. Rd1 Nc5 14. Qc2 Qe7 15. e3 Rd8 16. Ne2 Qc7 17. Bd2 Nce4 18. Be1 Ng4 19. Nd4 Re7 20. h3 Ngf6 21. Ne2 Qb6 22. Nc3 a6 23. Rab1 Qc7 24. b4 b5 25. cxb5 axb5 26. Rbc1 Rc8 27. Qb3+ Kh8 28. Nxb5 Qb8 29. Nd4 Qb7 30. Ne6 Bh6 31. Rc2 Rce8 32. Nd4 c5 33. Ne2 cxb4 34. Rxd6 Qa7 35. Rdc6 Bg7 36. Bxb4 Rd7 37. Nd4 Nd5 38. Rc8 Red8 39. Rxd8+ Rxd8 40. Nc6 Nxb4 41. Nxd8 Nxc2 42. Nf7+ Kg8 43. Nh6+ 1-0

[Event "Budapest FS03 FM-A"]
[Site "Budapest"]
[Date "2014.03.10"]
[Round "8"]
[White "Grundekjon, Christian S"]
[Black "Marcu, Simon"]
[Result "1-0"]
[WhiteElo "2022"]
[BlackElo "1892"]
[PlyCount "89"]
[EventDate "2014.03.01"]
[EventType "tourn"]
[EventRounds "9"]
[EventCountry "HUN"]
[SourceTitle "CBM 159 Extra"]
[Source "ChessBase"]
[SourceDate "2014.04.24"]
[SourceVersion "1"]
[SourceVersionDate "2014.04.24"]
[SourceQuality "1"]

1. e4 c6 2. d4 d5 3. Nc3 dxe4 4. Nxe4 Bf5 5. Ng3 Bg6 6. h4 h6 7. Nf3 Nd7 8. h5 Bh7 9. Bd3 Ngf6 10. Bxh7 Nxh7 11. Qd3 Qc7 12. Rh4 e6 13. Bf4 Bd6 14. Bxd6 Qxd6 15. 0-0-0 0-0-0 16. Ne4 Qe7 17. Kb1 Ng5 18. Nfxg5 hxg5 19. Rhh1 f5 20. Nc3 Nf6 21. Qe2 Qd6 22. Rde1 Rde8 23. Qe3 Qf4 24. Qxf4 gxf4 25. h6 gxh6 26. Ne2 Ne4 27. f3 Ng3 28. Nxg3 fxg3 29. Rh3 Kd7 30. Reh1 Reg8 31. Rxh6 Rxh6 32. Rxh6 Rg7 33. Kc1 b5 34. Kd2 Kd6 35. Kd3 Kd5 36. Rh8 Kd6 37. Ke3 c5 38. dxc5+ Kxc5 39. Kf4 Kd6 40. Rd8+ Ke7 41. Rb8 Kf6 42. Rxb5 Rc7 43. c3 e5+ 44. Kxg3 f4+ 45. Kf2 1-0

[Event "Budapest FS03 FM-A"]
[Site "Budapest"]
[Date "2014.03.09"]
[Round "7"]
[White "Steer, Jozsef"]
[Black "Grundekjon, Christian S"]
[Result "0-1"]
[WhiteElo "1919"]
[BlackElo "2022"]
[PlyCount "82"]
[EventDate "2014.03.01"]
[EventType "tourn"]
[EventRounds "9"]
[EventCountry "HUN"]
[SourceTitle "CBM 159 Extra"]
[Source "ChessBase"]
[SourceDate "2014.04.24"]
[SourceVersion "1"]
[SourceVersionDate "2014.04.24"]
[SourceQuality "1"]

1. e4 c5 2. Nf3 d6 3. d4 cxd4 4. Nxd4 Nf6 5. Nc3 g6 6. Bc4 Bg7 7. Bb3 Nc6 8. f3 Qb6 9. Nxc6 bxc6 10. Qe2 Ba6 11. Qe3 0-0 12. Bd2 Nd7 13. Na4 Qxe3+ 14. Bxe3 c5 15. c3 Ne5 16. Bc2 Nd3+ 17. Kd2 Ne5 18. b3 f5 19. exf5 gxf5 20. Rae1 Bb5 21. Nb2 Bc6 22. Nd3 Ng6 23. c4 a5 24. a4 e5 25. Ke2 Rae8 26. Nf2 e4 27. fxe4 fxe4 28. Rd1 Re6 29. Rhf1 Nf4+ 30. Bxf4 Rxf4 31. Nh3 Rh4 32. Rf4 Rxf4 33. Nxf4 Rh6 34. h3 Bd4 35. Rf1 e3 36. Nd5 Re6 37. Nc7 Re5 38. g4 Bg2 39. Rf4 Bxh3 40. Bf5 h5 41. Be6+ Rxe6 0-1

[Event "Budapest FS03 FM-A"]
[Site "Budapest"]
[Date "2014.03.04"]
[Round "3"]
[White "Grundekjon, Christian S"]
[Black "Juracsik, Jozsef"]
[Result "0-1"]
[WhiteElo "2022"]
[BlackElo "2124"]
[PlyCount "86"]
[EventDate "2014.03.01"]
[EventType "tourn"]
[EventRounds "9"]
[EventCountry "HUN"]
[SourceTitle "CBM 159 Extra"]
[Source "ChessBase"]
[SourceDate "2014.04.24"]
[SourceVersion "1"]
[SourceVersionDate "2014.04.24"]
[SourceQuality "1"]

1. Nf3 Nf6 2. c4 c5 3. Nc3 d5 4. cxd5 Nxd5 5. e4 Nb4 6. d3 N8c6 7. Be3 e6 8. a3 Na6 9. d4 cxd4 10. Nxd4 Bd7 11. Ndb5 Be7 12. Nd6+ Bxd6 13. Qxd6 Qe7 14. 0-0-0 Qxd6 15. Rxd6 Ke7 16. Rd2 Rhc8 17. Kb1 Na5 18. Bxa6 bxa6 19. Rhd1 Be8 20. Rd6 Bc6 21. Bc5 Ke8 22. Bb4 Nb7 23. R6d3 a5 24. Bd6 f6 25. f3 Rd8 26. e5 Rd7 27. Kc2 Rc8 28. exf6 gxf6 29. Bg3 Rg7 30. Re3 Kf7 31. Rd2 Rg5 32. Kb1 Nc5 33. Ne4 Nxe4 34. fxe4 Rg4 35. Rde2 h5 36. h3 Rgg8 37. Be1 a4 38. Bc3 e5 39. Rf3 Rxg2 40. Ree3 Ke6 41. Kc1 Rgg8 42. Kd2 Bb5 43. Rg3 Rgd8+ 0-1

[Event "Budapest FS03 FM-A"]
[Site "Budapest"]
[Date "2014.03.03"]
[Round "2"]
[White "Machlik, Monika"]
[Black "Grundekjon, Christian S"]
[Result "1/2-1/2"]
[WhiteElo "1973"]
[BlackElo "2022"]
[PlyCount "123"]
[EventDate "2014.03.01"]
[EventType "tourn"]
[EventRounds "9"]
[EventCountry "HUN"]
[SourceTitle "CBM 159 Extra"]
[Source "ChessBase"]
[SourceDate "2014.04.24"]
[SourceVersion "1"]
[SourceVersionDate "2014.04.24"]
[SourceQuality "1"]

1. d4 f5 2. c4 Nf6 3. Nf3 g6 4. g3 Bg7 5. Bg2 0-0 6. 0-0 d6 7. b3 Nc6 8. Bb2 e5 9. e3 Nh5 10. a3 f4 11. d5 Ne7 12. exf4 exf4 13. Bxg7 Nxg7 14. Nc3 Nef5 15. Qd2 g5 16. gxf4 g4 17. Ng5 Nh4 18. Bh1 Nh5 19. Be4 Rxf4 20. Bxh7+ Kg7 21. Nce4 Nf3+ 22. Nxf3 gxf3 23. Ng3 Qg5 24. Bd3 Bh3 25. Rfe1 Raf8 26. Re4 Nxg3 27. hxg3 Rg4 28. Qxg5+ Rxg5 29. Rh4 Rh8 30. Kh2 Bg2 31. Bf1 Rxh4+ 32. gxh4 Rg4 33. Bxg2 Rxg2+ 34. Kh3 Rxf2 35. Kg3 Rb2 36. b4 Rc2 37. Kxf3 Rxc4 38. Ke3 Kf6 39. Kd3 Rxh4 40. Rc1 Rh7 41. Kd4 Re7 42. b5 Rh7 43. Rc2 Rh4+ 44. Kd3 Ra4 45. Rxc7 Rxa3+ 46. Kc4 b6 47. Rd7 Ra4+ 48. Kb3 Ra5 49. Kc4 Ke5 50. Re7+ Kf5 51. Re6 Ra4+ 52. Kc3 Ra3+ 53. Kc4 Ra4+ 54. Kc3 Ra1 55. Kc4 Rc1+ 56. Kb4 Rc5 57. Rxd6 Ke5 58. Rh6 Kxd5 59. Rh5+ Kd6 60. Rh6+ Kd7 61. Rh8 Ke6 62. Rh6+ 1/2-1/2

[Event "Budapest FS03 FM-A"]
[Site "Budapest"]
[Date "2014.03.01"]
[Round "1"]
[White "Grundekjon, Christian S"]
[Black "Kis, Bela"]
[Result "1-0"]
[WhiteElo "2022"]
[BlackElo "2093"]
[PlyCount "65"]
[EventDate "2014.03.01"]
[EventType "tourn"]
[EventRounds "9"]
[EventCountry "HUN"]
[SourceTitle "CBM 159 Extra"]
[Source "ChessBase"]
[SourceDate "2014.04.24"]
[SourceVersion "1"]
[SourceVersionDate "2014.04.24"]
[SourceQuality "1"]

1. e4 d6 2. d4 Nf6 3. Nc3 g6 4. Be3 Bg7 5. h3 c6 6. g4 b5 7. Bg2 Bb7 8. e5 Nd5 9. Nxd5 cxd5 10. f4 Nd7 11. Nf3 e6 12. Qd3 Rb8 13. 0-0 Qc8 14. f5 dxe5 15. fxe6 e4 16. exf7+ Kd8 17. Qxb5 exf3 18. Rxf3 h6 19. c3 Qc6 20. Qa5+ Qb6 21. Qxb6+ axb6 22. g5 h5 23. h4 Rc8 24. Bh3 Rc6 25. Re1 Rf8 26. Bf4 Bc8 27. Bh2 Nf6 28. gxf6 Rxf6 29. Rxf6 Bxh3 30. Re8+ Rxe8 31. Bc7+ Kd7 32. fxe8Q+ Kxe8 33. Rxb6 1-0

[Event "Benidorm op U2300 12th"]
[Site "Benidorm"]
[Date "2013.12.05"]
[Round "8"]
[White "Cardenas Serrano, Sergio"]
[Black "Grundekjon, Christian S"]
[Result "0-1"]
[WhiteElo "2094"]
[BlackElo "1982"]
[PlyCount "52"]
[EventDate "2013.11.29"]
[EventType "swiss"]
[EventRounds "10"]
[EventCountry "ESP"]
[SourceTitle "CBM 157 Extra"]
[Source "ChessBase"]
[SourceDate "2013.12.19"]
[SourceVersion "1"]
[SourceVersionDate "2013.12.19"]
[SourceQuality "1"]

1. e4 d5 2. exd5 Qxd5 3. Nc3 Qd6 4. d4 Nf6 5. Nf3 a6 6. h3 b5 7. Bd3 Bb7 8. Qe2 e6 9. Bg5 Nbd7 10. 0-0-0 h6 11. Bd2 c5 12. dxc5 Nxc5 13. Be3 Qc7 14. Bxc5 Bxc5 15. Ne5 0-0-0 16. f4 Bd4 17. Kb1 Bxc3 18. bxc3 Nd5 19. Qd2 Nxc3+ 20. Ka1 Nxd1 21. Rxd1 f6 22. Ng4 Rd4 23. Qe3 Qc3+ 24. Kb1 Bd5 25. Kc1 Rd8 26. a4 Rxa4 0-1

[Event "Tromsoe CC-ch"]
[Site "Tromsoe"]
[Date "2013.10.17"]
[Round "4"]
[White "Machlik, Edit"]
[Black "Grundekjon, Christian S"]
[Result "0-1"]
[WhiteElo "1767"]
[BlackElo "1874"]
[PlyCount "136"]
[EventDate "2013.09.19"]
[EventType "swiss"]
[EventRounds "9"]
[EventCountry "NOR"]
[SourceTitle "EXT 2024"]
[Source "ChessBase"]
[SourceDate "2023.10.10"]
[SourceVersion "1"]
[SourceVersionDate "2023.10.10"]
[SourceQuality "1"]

1. e4 c5 2. Nf3 e6 3. d4 cxd4 4. Nxd4 a6 5. c4 Nf6 6. Bd3 Nc6 7. Nxc6 bxc6 8. 0-0 d5 9. exd5 cxd5 10. b3 dxc4 11. Bxc4 Bb7 12. Nc3 Qa5 13. Qe1 Bb4 14. Bd2 Rd8 15. Rc1 0-0 16. a3 Qxa3 17. Ra1 Qxa1 18. Qxa1 Rxd2 19. Qc1 Rfd8 20. Nb1 R2d4 21. Nc3 Ng4 22. Be2 Ne5 23. Qe3 Ng6 24. Rc1 Nf4 25. Bf1 Ng6 26. h3 h6 27. Bc4 Bc5 28. Qe1 Rd2 29. Rd1 Rxd1 30. Nxd1 Nf4 31. Bf1 Rd5 32. Kh2 Bd6 33. g3 Nd3 34. Qe2 Nc5 35. Bg2 Re5 36. Qd2 Bf8 37. Bxb7 Nxb7 38. Ne3 Rb5 39. Qa2 Nc5 40. Kg2 Rxb3 41. Qc2 a5 42. Nd1 a4 43. Nc3 a3 44. Na4 Rb5 45. Qc4 a2 46. Qxa2 Ra5 47. Qd2 Rxa4 48. Qd8 Ra2 49. Qd4 Ra8 50. h4 Ra7 51. Qd2 Rd7 52. Qc2 e5 53. Kh3 Rd4 54. Qc3 Ne4 55. Qe3 Bd6 56. f4 f5 57. h5 exf4 58. Qxd4 Ng5+ 59. Kg2 f3+ 60. Kf2 Bc5 61. Qxc5 Ne4+ 62. Kxf3 Nxc5 63. Kf4 Ne4 64. g4 Nd6 65. gxf5 Kf7 66. Ke5 Nc4+ 67. Kd5 Kf6 68. Kxc4 Kxf5 0-1

[Event "Tromsoe Midnight Sun GP A"]
[Site "Tromsoe"]
[Date "2013.05.31"]
[Round "5"]
[White "Grundekjon, Christian S"]
[Black "Kvisla, Johannes Luangtep"]
[Result "0-1"]
[WhiteElo "1839"]
[BlackElo "2151"]
[PlyCount "114"]
[EventDate "2013.05.31"]
[EventType "swiss"]
[EventRounds "5"]
[EventCountry "NOR"]
[SourceTitle "EXT 2024"]
[Source "ChessBase"]
[SourceDate "2023.10.10"]
[SourceVersion "1"]
[SourceVersionDate "2023.10.10"]
[SourceQuality "1"]

1. e4 c5 2. Nf3 a6 3. c3 d6 4. d4 Nd7 5. Bd3 g6 6. 0-0 Bg7 7. Be3 e5 8. dxe5 Nxe5 9. Nxe5 Bxe5 10. Nd2 b5 11. f4 Bg7 12. Nf3 Ne7 13. Qe2 0-0 14. Rad1 Qc7 15. Qf2 f5 16. e5 dxe5 17. fxe5 c4 18. Bb6 Qb7 19. Bc2 Be6 20. Rd6 Bd5 21. Rd1 Bc6 22. Bc5 Rac8 23. Re6 Rfe8 24. Rdd6 Bxf3 25. gxf3 Bf8 26. b4 Nd5 27. Qd4 Bxd6 28. Rxd6 Rcd8 29. Kf2 Rxd6 30. exd6 Qf7 31. f4 Nf6 32. Bd1 Ne4+ 33. Kg2 Qe6 34. Bf3 Rd8 35. h4 Rd7 36. Kh3 h6 37. Kg2 Kh7 38. Qe5 Qg8 39. Bxe4 fxe4 40. Qxe4 Qf7 41. Kg3 Qf5 42. Qe5 Qd3+ 43. Kf2 Qh3 44. Qf6 Qf5 45. Qxf5 gxf5 46. Ke3 Kg6 47. Kd4 Kf7 48. Ke5 Ke8 49. Kxf5 Rg7 50. Kf6 Rg4 51. f5 Rxh4 52. Kg6 Rf4 53. f6 h5 54. d7+ Kxd7 55. f7 h4 56. f8Q Rxf8 57. Bxf8 h3 0-1

[Event "Tromsoe Midnight Sun GP A"]
[Site "Tromsoe"]
[Date "2013.05.31"]
[Round "1"]
[White "Machlik, Endre"]
[Black "Grundekjon, Christian S"]
[Result "1/2-1/2"]
[WhiteElo "1504"]
[BlackElo "1839"]
[PlyCount "55"]
[EventDate "2013.05.31"]
[EventType "swiss"]
[EventRounds "5"]
[EventCountry "NOR"]
[SourceTitle "EXT 2024"]
[Source "ChessBase"]
[SourceDate "2023.10.10"]
[SourceVersion "1"]
[SourceVersionDate "2023.10.10"]
[SourceQuality "1"]

1. d4 d6 2. e4 Nf6 3. Nc3 g6 4. f4 Bg7 5. Nf3 0-0 6. Be2 c5 7. Be3 Qa5 8. Qd2 cxd4 9. Nxd4 Nc6 10. Nb3 Qd8 11. 0-0-0 Bg4 12. h3 Bxe2 13. Qxe2 Na5 14. e5 Nxb3+ 15. axb3 Ne8 16. Qb5 b6 17. Ne4 Qc7 18. exd6 Nxd6 19. Nxd6 exd6 20. Rd5 Rac8 21. Qd3 Rfe8 22. Bd4 Bh6 23. g3 Re6 24. Bc3 f5 25. Rd1 Rd8 26. Bb4 Bf8 27. Kb1 Qe7 28. Bd2 1/2-1/2

[Event "NOR North-ch"]
[Site "Tromsoe"]
[Date "2013.05.??"]
[Round "1"]
[White "Grundekjon, Christian S"]
[Black "Rolvag, Mikael"]
[Result "0-1"]
[WhiteElo "1845"]
[BlackElo "2074"]
[PlyCount "102"]
[EventDate "2013.05.09"]
[EventType "swiss"]
[EventRounds "6"]
[EventCountry "NOR"]
[SourceTitle "EXT 2024"]
[Source "ChessBase"]
[SourceDate "2023.10.10"]
[SourceVersion "1"]
[SourceVersionDate "2023.10.10"]
[SourceQuality "1"]

1. e4 c5 2. Nf3 Nc6 3. Bb5 g6 4. 0-0 Bg7 5. Re1 Nf6 6. Nc3 0-0 7. d3 d6 8. e5 Ne8 9. Bxc6 bxc6 10. exd6 exd6 11. Bg5 f6 12. Bd2 Rb8 13. Rb1 Nc7 14. b3 Ne6 15. Qc1 Rf7 16. Ne2 Bf8 17. Bc3 d5 18. d4 Qc7 19. Bd2 c4 20. Nf4 Ng7 21. bxc4 dxc4 22. Rxb8 Qxb8 23. Qa1 g5 24. Ne2 Bf5 25. Qc3 Qb5 26. Ng3 Bg6 27. h4 g4 28. Nh2 h5 29. Nhf1 a5 30. Ne2 Rd7 31. Qxa5 Bxc2 32. Ne3 Bd3 33. Qxb5 cxb5 34. d5 Bd6 35. Nc1 Bg6 36. a4 Rc7 37. Bc3 bxa4 38. Bxf6 c3 39. Kf1 a3 40. Na2 c2 41. Rc1 g3 42. f3 Bf4 43. Ke2 Rb7 44. Rxc2 Bxc2 45. Nxc2 Nf5 46. Kd3 Kf7 47. Ke4 Kxf6 48. Kxf4 Rb2 49. Ncb4 Rxg2 50. Nc3 a2 51. Ne4+ Kg6 0-1

[Event "NOR North-ch"]
[Site "Tromsoe"]
[Date "2013.05.??"]
[Round "5"]
[White "Romsdal, Trond"]
[Black "Grundekjon, Christian S"]
[Result "1-0"]
[WhiteElo "2111"]
[BlackElo "1845"]
[PlyCount "93"]
[EventDate "2013.05.09"]
[EventType "swiss"]
[EventRounds "6"]
[EventCountry "NOR"]
[SourceTitle "EXT 2024"]
[Source "ChessBase"]
[SourceDate "2023.10.10"]
[SourceVersion "1"]
[SourceVersionDate "2023.10.10"]
[SourceQuality "1"]

1. Nf3 Nf6 2. g3 b6 3. Bg2 Bb7 4. 0-0 d5 5. d4 Nbd7 6. Bf4 e6 7. Nbd2 Nh5 8. Be3 f5 9. Bg5 Qc8 10. Ne5 Nxe5 11. dxe5 h6 12. Be3 g5 13. Nb3 a5 14. a4 Be7 15. Nd4 Ng7 16. c3 0-0 17. Qd2 Qe8 18. f4 g4 19. Bf2 Rd8 20. Qc2 Qd7 21. Rfd1 c5 22. Nb5 Bc6 23. c4 Qb7 24. b3 dxc4 25. Bxc6 Qxc6 26. bxc4 h5 27. Nc3 Rxd1+ 28. Rxd1 Rd8 29. Rxd8+ Bxd8 30. Qd3 Be7 31. e4 Kf7 32. Kf1 fxe4 33. Qxe4 Qxe4 34. Nxe4 Nf5 35. Ke2 Kg6 36. Kd3 Kf7 37. Nc3 Ke8 38. Ke4 Ng7 39. Nd5 Bd8 40. Ne3 Kf7 41. f5 Bc7 42. f6 Ne8 43. Ng2 Bxe5 44. Kxe5 Nxf6 45. Be3 Nd7+ 46. Kd6 Nf6 47. Kc6 1-0